Catalog

Record Details

Catalog Search



When the sea came alive : an oral history of D-Day ... Read More

Available copies

  • 2 of 2 copies available at LARL/NWRL Consortium. (Show)
  • 1 of 1 copy available at Northwest Regional Library.

Current holds

0 current holds with 2 total copies.

Show All Copies
Location Call Number / Copy Notes Barcode Shelving Location Status Due Date
Hallock Public Library 940.5421 GRA (Text) 35500006793614 Main Available -

Record details

  • ISBN: 9781668027813
  • ISBN: 166802781X
  • ISBN: 9781668027820
  • ISBN: 1668027828
  • Physical Description: xxv, 576 pages, 8 unnumbered pages of plates : ... Read More
  • Publisher: New York : Avid Reader Press, [2024]

Content descriptions

General Note:
Maps on endpapers.
Bibliography, etc. Note:
Includes bibliographical references (pages ... Read More
Formatted Contents Note:
Foreword -- Part I: A world at war. War begins -- ... Read More
Summary, etc.:
"From the New York Times bestselling author of The ... Read More
Subject: World War, 1939-1945.
World War, 1939-1945 > Campaigns > France > Normandy > Personal narratives.
Operation Overlord.
Normandy (France) > History, Military > 20th century.
Genre: Personal narratives.
LDR 04937cam a2200589 i 4500
001429708
003LARL_NWRL_CONSORTIUM
00520240614215153.0
008240126t20242024nyuabf b 001 0deng
010 . ‡a 2024004276
040 . ‡aDLC ‡beng ‡erda ‡cDLC ‡dBDX ‡dAVD ‡dETC ‡dY$5 ‡dXTZ ‡dYDX ‡dDCB ‡dNMS ‡dPCX ‡dJAS ‡dLE@ ‡dRNL ‡dIMT ‡dJQM ‡dLEB ‡dRB0
019 . ‡a1428743784 ‡a1428766278 ‡a1435618786 ‡a1436925784
020 . ‡a9781668027813 ‡q(hardcover)
020 . ‡a166802781X ‡q(hardcover)
020 . ‡a9781668027820 ‡q(trade paperback)
020 . ‡a1668027828 ‡q(trade paperback)
020 . ‡z9781668027837 ‡q(ebook)
035 . ‡a(OCoLC)1405187918 ‡z(OCoLC)1428743784 ‡z(OCoLC)1428766278 ‡z(OCoLC)1435618786 ‡z(OCoLC)1436925784
042 . ‡apcc
043 . ‡ae-fr---
08200. ‡a940.54/2142 ‡223/eng/20240212
084 . ‡aHIS027100 ‡aHIS027110 ‡2bisacsh
1001 . ‡aGraff, Garrett M., ‡d1981- ‡eauthor. ‡0(LARL_NWRL_CONSORTIUM)221746
24510. ‡aWhen the sea came alive : ‡ban oral history of D-Day / ‡cby Garrett M. Graff.
24630. ‡aOral history of D-Day
264 1. ‡aNew York : ‡bAvid Reader Press, ‡c[2024]
264 4. ‡c©2024
300 . ‡axxv, 576 pages, 8 unnumbered pages of plates : ‡billustrations, maps ; ‡c25 cm.
336 . ‡atext ‡btxt ‡2rdacontent
336 . ‡astill image ‡bsti ‡2rdacontent
337 . ‡aunmediated ‡bn ‡2rdamedia
338 . ‡avolume ‡bnc ‡2rdacarrier
500 . ‡aMaps on endpapers.
504 . ‡aIncludes bibliographical references (pages 521-544) and index.
520 . ‡a"From the New York Times bestselling author of The Only Plane in the Sky and Pulitzer Prize finalist for Watergate comes the most up-to-date and complete account of D-Day--the largest seaborne invasion in history and the moment that secured the Allied victory in World War II. D-Day is one of history's greatest and most unbelievable military and human triumphs. Though the full campaign lasted just over a month, the surprise landing of over 150,000 Allied troops on the morning of June 6, 1944, is understood to be the moment that turned the tide for the Allied forces and ultimately led to the defeat of the Axis powers in World War II. Now, a new book from bestselling author and historian Garrett M. Graff explores the full impact of this world-changing event--from the secret creation of landing plans by top government and military officials and organization of troops, to the moment the boat doors opened to reveal the beach where men fought for their lives and the future of the free world. Fascinating, action-packed, and filled with impressive detail, When the Sea Came Alive captures a human drama like no other, and offers a fitting tribute to the men and women of the Greatest Generation"-- ‡cProvided by publisher.
5050 . ‡aForeword -- Part I: A world at war. War begins -- War comes to America -- 1943 -- The start of SHAEF -- Crossing the pond -- The American invasion -- Building the Atlantic Wall -- Keeping secrets -- Operation Fortitude -- The Mulberry Plan -- At Slapton Sands -- Exercise Tiger -- The transportation plan -- Picking the date -- Into the sausages -- Keep calm and carry on -- Learning the details -- Spring in Normandy with the Germans -- The D-Day weather forecast -- Part II: The landing. A note on chronology and military terminology -- Gen. Dwight D. Eisenhower's order of the day -- Paratroopers take off -- Operation Coup de Main -- The 6th airborne arrives in Normandy -- The paratrooper skytrain -- Night in the hedgerows -- Liberation comes to Sainte-Mère-Église -- Neptune rises -- Confusing the enemy -- Ashore in Normandy -- In the air over the beaches -- Heading ashore at Utah -- Naval forces at Utah -- The second wave at Utah -- The rangers at Pointe du Hoc -- Omaha beach -- Into the devil's garden -- Ashore at Omaha -- Getting off Omaha beach -- Afloat off Omaha beach --Jig sector, Gold beach -- The Green Howards take King sector -- Ashore at Juno -- Sword beach -- The news spreads -- Part III: The end of D-Day. Holding the eastern flank -- The walking wounded -- The Battle of La Fière Bridge -- Afternoon for the Germans -- End of D-Day -- Epilogue.
650 0. ‡aWorld War, 1939-1945. ‡0(LARL_NWRL_CONSORTIUM)34902
650 0. ‡aWorld War, 1939-1945 ‡xCampaigns ‡zFrance ‡zNormandy ‡vPersonal narratives.
650 0. ‡aOperation Overlord. ‡0(LARL_NWRL_CONSORTIUM)27238
651 0. ‡aNormandy (France) ‡xHistory, Military ‡y20th century.
655 7. ‡aPersonal narratives. ‡2lcgft
901 . ‡a429708 ‡bOCoLC ‡c429708 ‡tbiblio ‡soclc

Additional Resources